| 000 | 00508nam a2200205Ia 4500 | ||
|---|---|---|---|
| 003 | 0100 | ||
| 008 | 130227s9999 xx 000 0 und d | ||
| 040 | _cARRUPELIB | ||
| 050 | _aBJ1188.B57 2005 | ||
| 245 | 4 | _aThe blackwell companion to religious ethics | |
| 260 | _aMalden, MA 02148-5020, USA | ||
| 260 | _bBlackwell Publishing | ||
| 260 | _C2005 | ||
| 300 | _axix | ||
| 300 | _b 613p. 25cm. | ||
| 650 | _bPersonality | ||
| 650 | _cPersons | ||
| 700 | _aSchweiker, William ed. | ||
| 942 |
_2lcc _01 |
||
| 999 |
_c5924 _d5924 |
||